000 00234nam a2200097Ia 4500
001 682364
005 20250826161417.0
008 250824s9999 xx 000 0 und d
245 0 _aELVEDA GÜZEL VATANIM
_cAHMET ÜMİT
260 _bEVEREST
999 _c682364
_d682364